000 005910000a22001810004500
001 768714001
003 CO-MdFUSB
005 20170424154029.0
008 170424s2007 cr ||||| |||| 00| 0 spa d
040 _aCO-MdFUSB
_bspa
_cCO-MdFUSB
_dCO-MdFUSB
041 _aspa
100 1 _aMartínez Suárez, Yamiley
_eautor
245 1 0 _aEl protagonismo de la niñez
300 _aVolumen 9, número 33, (2007), Páginas 4-7
_c28 cm.
546 _aTexto en español
773 0 _tAlcanzando a los Niños en Riesgo
_049458
_960569
_gVolumen 9, número 33, (2007), Páginas 4-7
_qPágina 4
942 _cANA
999 _c62148
_d62148